La invasión Latinoamericana : (Registro nro. 6894)
[ vista simple ]
| 000 -LEADER | |
|---|---|
| fixed length control field | 01343nam a2200289 a 4500 |
| 003 - CONTROL NUMBER IDENTIFIER | |
| control field | OSt |
| 005 - DATE AND TIME OF LATEST TRANSACTION | |
| control field | 20201002080638.0 |
| 008 - FIXED-LENGTH DATA ELEMENTS--GENERAL INFORMATION | |
| fixed length control field | 950412s1994 ck b 000 0 spa |
| 020 ## - INTERNATIONAL STANDARD BOOK NUMBER | |
| International Standard Book Number | 9583301817 |
| 040 ## - CATALOGING SOURCE | |
| Original cataloging agency | DLC |
| Transcribing agency | CO-JMCCR |
| 041 0# - LANGUAGE CODE | |
| Language code of text/sound track or separate title | spa |
| 082 04 - DEWEY DECIMAL CLASSIFICATION NUMBER | |
| Classification number | 304.87308 / |
| Item number | C757i |
| Edition number | 23 |
| 100 2# - MAIN ENTRY--PERSONAL NAME | |
| Personal name | Constaín A., Guillermo Alberto. |
| Relator term | autor |
| 9 (RLIN) | 11115 |
| 245 13 - TITLE STATEMENT | |
| Title | La invasión Latinoamericana : |
| Remainder of title | una gran estrategia para los inmigrantes latinoamericanos en los Estados Unidos, y una hipótesis real para integración de las Américas / |
| Statement of responsibility, etc. | Guillermo Alberto Constaín A. |
| 250 ## - EDITION STATEMENT | |
| Edition statement | Primera edición |
| 260 ## - PUBLICATION, DISTRIBUTION, ETC. | |
| Place of publication, distribution, etc. | [Colombia] : |
| Name of publisher, distributor, etc. | [G.A. Constaín], |
| Date of publication, distribution, etc. | 1994. |
| 300 ## - PHYSICAL DESCRIPTION | |
| Extent | 272 páginas ; |
| Dimensions | 22 cm. |
| 500 ## - GENERAL NOTE | |
| General note | Incluye datos biográficos del autor en solapa frontal. |
| 504 ## - BIBLIOGRAPHY, ETC. NOTE | |
| Bibliography, etc. note | bibliografía: páginas 271-272. |
| 505 0# - FORMATTED CONTENTS NOTE | |
| Formatted contents note | Valores y tradición -- La invasión latina a los Estados Unidos de Norteamérica. -- El desafío latinoamericano. -- El nuevo orden. |
| 520 0# - SUMMARY, ETC. | |
| Summary, etc. | Una gran estrategia para los inmigrantes latinoamericanos en los Estados Unidos y una Hipótesis real para la investigación de las Américas. |
| 650 24 - SUBJECT ADDED ENTRY--TOPICAL TERM | |
| Topical term or geographic name entry element | Descentralización en el gobierno |
| 9 (RLIN) | 11116 |
| 650 24 - SUBJECT ADDED ENTRY--TOPICAL TERM | |
| Topical term or geographic name entry element | Integración económica internacional |
| 9 (RLIN) | 7032 |
| 650 24 - SUBJECT ADDED ENTRY--TOPICAL TERM | |
| Topical term or geographic name entry element | Relaciones Internacionales |
| 9 (RLIN) | 11117 |
| 650 24 - SUBJECT ADDED ENTRY--TOPICAL TERM | |
| Topical term or geographic name entry element | Latino Americanos |
| 9 (RLIN) | 11118 |
| 942 ## - ADDED ENTRY ELEMENTS (KOHA) | |
| Source of classification or shelving scheme | Dewey Decimal Classification |
| Koha item type | Books |
| Withdrawn status | Lost status | Source of classification or shelving scheme | Damaged status | Not for loan | Home library | Current library | Shelving location | Date acquired | Source of acquisition | Total Checkouts | Full call number | Barcode | Date last seen | Copy number | Price effective from | Koha item type |
|---|---|---|---|---|---|---|---|---|---|---|---|---|---|---|---|---|
| Dewey Decimal Classification | Biblioteca Pública José María del Castillo y Rada | Biblioteca Pública José María del Castillo y Rada | General Stacks | 04/15/2018 | Donación | 304.87308 / C757i | 201810102 | 05/16/2024 | Ej.1 | 04/15/2018 | Books |